Städte Österreichs mit eigenem KFZ-Kennzeichen - Statistiken

Allgemein
  • Dieses Quiz wurde 114 mal gespielt
  • Das Durchschnittsergebnis liegt bei 10 aus 16
Antwortstatistiken
KFZ Stadt % Korrekt
W Wien
100%
I Innsbruck
92%
L Linz
91%
S Salzburg
91%
G Graz
88%
K Klagenfurt
82%
P St. Pölten
78%
VI Villach
68%
WE Wels
61%
WN Wiener Neustadt
55%
SR Steyr
48%
KS Krems
44%
LE Leoben
35%
KG Klosterneuburg
24%
WY Waidhofen/Ybbs
18%
SW Schwechat
17%
Keine übereinstimmenden Quizze gefunden
Verteilung der Resultate
Anzahl Personen mit jedem Resultat
Perzentil nach korrekt beantworteten Fragen
Ihre Resultats-Entwicklung
Sie haben dieses Quiz noch nicht gespielt